LEADER 01791nam--2200517---450- 001 990001199790203316 005 20031016131056.0 010 $a0-387-97436-9$bvol. 3 010 $a0-387-94444-3$bvol. 7. 010 $a0-387-94865-1$bvol. 8. 010 $a0-387-94945-3$bvol. 9. 010 $a0-387-98518-2$bvol. 10. 035 $a000119979 035 $aUSA01000119979 035 $a(ALEPH)000119979USA01 035 $a000119979 100 $a20031016d1990----km-y0itay0103----ba 101 0 $aeng 102 $aUS 105 $a||||||||001yy 200 1 $aMathematics in industrial problems$fAvner Friedman 210 $aNew York [etc.]$cSpringer Verlag$dcopyr. 1990 215 $av.$cill.$d25 cm 225 2 $a<> IMA volumes in mathematics and its applications 327 1 $aVol. 3.: XIII, 187 p. - N.31. - Vol. 7.: XVI, 244 p. - N. 67. - Vol. 8.: X, 184 p. - N. 83. - Vol. 9.: X, 210 p. - N. 88. -Vol. 10.: X, 183 p. - N. 100 410 0$a<> IMA volumes in mathematics and its applications$12001 454 1$12001 461 1$1001-------$12001 606 0 $aIngegneria matematica 676 $a620.0042 700 1$aFRIEDMAN,$bAvner$026273 801 0$aIT$bsalbc$gISBD 912 $a990001199790203316 951 $a620.004 2 FRI$bING 951 $a620.004 2 FRI 3$b10789 Ing$c620.004 951 $a620.004 2 FRI 7$b10788 Ing$c620.004 951 $a620.004 2 FRI 8$b10794 Ing$c620.004 951 $a620.004 2 FRI 9$b10787 Ing$c620.004 951 $a620.004 2 FRI 10$b10791 Ing$c620.004 959 $aBK 969 $aTEC 979 $aSIAV6$b10$c20031016$lUSA01$h1310 979 $aPATRY$b90$c20040406$lUSA01$h1726 979 $aCHIARA$b90$c20130307$lUSA01$h1458 996 $aMathematics in industrial problems$9348555 997 $aUNISA